ბათუმის შოთა რუსთაველის სახელმწიფო უნივერსიტეტის ბიბლიოთეკა

ლაო ჯონჯაუს მოღვაწეობა საქარტველოში / (ბიბ.ჩანაწერი № 57031)

000 -ლიდერი
ფიქსირებული სიგრძის საკონტროლო ველი 01594nam a22002417a 4500
003 - საკონტროლო ნომრის იდენტიფიკატორი
საკონტროლო ველი Ge_BSU
005 - ბოლო ოპერაციის თარიღი და დრო
საკონტროლო ველი 20191023115926.0
008 - ფიქსირებული სიგრძის მონაცემთა ელემენტები - ზოგადი ინფორმაცია
ფიქსირებული სიგრძის საკონტროლო ველი 191023s2019 ge ||||| |||| 00| 0 geo d
020 ## - წიგნის საერთაშორისო სტანდარტული ნომერი
International Standard Book Number 9789941488916
041 ## - ენის კოდი
Language code of text/sound track or separate title geo
080 ## - უნივერსალური ათობითი კლასიფიკაციის ინდექსი
Universal Decimal Classification number 94(479.22.510)+633.72 მ-19
100 ## - მთავარი ჩანაწერი - პიროვნების სახელი
Personal name მაკარაძე, ემზარ.
9 (RLIN) 4143
245 ## - ცნობა სათაურის შესახებ
Title ლაო ჯონჯაუს მოღვაწეობა საქარტველოში /
Statement of responsibility, etc ემზარ მაკარაძე ; ოთარ გოგოლიშვილი ; დავით ანდღულაძე ; რედ : ნათელა ფარტენაძე.
264 ## - წარმოების, გამოცემის, დისტრიბუციის და სხვა ცნობები
გამოცემის, წარმოების, დისტრიბუციის... ადგილი ბათუმი :
გამოცემის, წარმოების, დისტრიბუციის... სახელწოდება ბათუმის შოთა რუსთაველის სახელმწიფო უნივერსიტეტი,
გამოცემის, წარმოების, დისტრიბუციის... თარიღი 2019.
300 ## - ფიზიკური აღწერა
Extent 162 გვ .:
Other physical details ილ.;
Dimensions 20 სმ.
653 ## - INDEX TERM--UNCONTROLLED
Uncontrolled term ისტორია
653 ## - INDEX TERM--UNCONTROLLED
Uncontrolled term ჩინეთის როლის საქართველოში ჩაის კულტურის განვითარებაში
700 ## - ADDED ENTRY--PERSONAL NAME
Personal name გოგოლიშვილი, ოთარ
9 (RLIN) 930
700 ## - ADDED ENTRY--PERSONAL NAME
Personal name ანდღულაძე, დავით
9 (RLIN) 4947
700 ## - ADDED ENTRY--PERSONAL NAME
Personal name ფარტენაძე , ნათელა
Relator term რედაქტორი
9 (RLIN) 4740
710 ## - ADDED ENTRY--CORPORATE NAME
Relator term ბათუმის შოთა რუსთაველის სახელმწიფო უნივერსიტეტი აღმოსავლეთმცოდნეობის დეპარტამენტი
9 (RLIN) 4948
942 ## - ADDED ENTRY ELEMENTS (KOHA)
Source of classification or shelving scheme
Koha item type წიგნი
ეგზემპლარები
ჩამოწერის სტატუსი დაკარგული ეგზემპლარის სტატუსი კლასიფიკაციის წყარო ან თაროზე გაწყობის სქემა დაზიანების სტატუსი არ გაიცემა მუდმივი მდებარეობა (დაცვის ადგილი) ამჟამინდელი ადგილსამყოფელი თაროზე განთავსების ადგილი შეძენის თარიღი ღირებულება, შესყიდვის ნორმალური ფასი სრული შენახვის შიფრი შტრიხკოდი ბოლო ოპერაციის თარიღი ეგზემპლარის მიმდევრობითი ნომერი (კეტერი?) ფასის ძალაში შესვლის თარიღი ეგზემპლარის სახეობა საჯარო შენიშვნა
          ბათუმის შოთა რუსთაველის სახელმწიფო უნივერსიტეტის მთავარი ბიბლიოთეკა ბათუმის შოთა რუსთაველის სახელმწიფო უნივერსიტეტის მთავარი ბიბლიოთეკა წიგნსაცავი 2019-10-23 10.00 94(479.22.510)+633.72 მ-19 60145 2019-10-23 60145 2019-10-23 წიგნი 10 ლ. 45 თ.
          ბათუმის შოთა რუსთაველის სახელმწიფო უნივერსიტეტის მთავარი ბიბლიოთეკა ბათუმის შოთა რუსთაველის სახელმწიფო უნივერსიტეტის მთავარი ბიბლიოთეკა წიგნსაცავი 2019-10-23 10.00 94(479.22.510)+633.72 მ-19 60146 2019-10-23 60146 2019-10-23 წიგნი 10 ლ. 45 თ.
          ბათუმის შოთა რუსთაველის სახელმწიფო უნივერსიტეტის მთავარი ბიბლიოთეკა ბათუმის შოთა რუსთაველის სახელმწიფო უნივერსიტეტის მთავარი ბიბლიოთეკა წიგნსაცავი 2019-10-23 10.00 94(479.22.510)+633.72 მ-19 60147 2019-10-23 60147 2019-10-23 წიგნი 10 ლ. 45 თ.
          ბათუმის შოთა რუსთაველის სახელმწიფო უნივერსიტეტის მთავარი ბიბლიოთეკა ბათუმის შოთა რუსთაველის სახელმწიფო უნივერსიტეტის მთავარი ბიბლიოთეკა წიგნსაცავი 2019-10-23 10.00 94(479.22.510)+633.72 მ-19 60148 2019-10-23 60148 2019-10-23 წიგნი 10 ლ. 45 თ.